[Event "St Petersburg op"]
[Site "St Petersburg"]
[Date "2003.??.??"]
[Round "3"]
[White "Ivanov, Mikhail I"]
[Black "Dribinsky, Boris"]
[Result "1-0"]
[WhiteElo "2334"]
[BlackElo "2171"]
[PlyCount "127"]
[EventDate "2003.??.??"]
[EventType "swiss"]
[EventRounds "9"]
[EventCountry "RUS"]
[SourceTitle "EXT 2005"]
[Source "ChessBase"]
[SourceDate "2004.11.15"]
[SourceVersion "1"]
[SourceVersionDate "2004.11.15"]
[SourceQuality "1"]

1. c4 e6 2. Nc3 d5 3. d4 Nf6 4. Bg5 Nbd7 5. Nf3 Be7 6. e3 0-0 7. cxd5 exd5 8. Be2 Re8 9. 0-0 c6 10. a3 Ne4 11. Nxe4 dxe4 12. Bxe7 Qxe7 13. Nd2 Qg5 14. Qc2 Nf6 15. Rfc1 Bf5 16. Qd1 Rad8 17. Rc5 Nd5 18. Nf1 Bg6 19. g3 Rd6 20. Rac1 Bf5 21. h4 Qh6 22. Nh2 Bh3 23. Ng4 Bxg4 24. Bxg4 Rf8 25. Bf5 Nxe3 26. fxe3 Qxe3+ 27. Kh2 Rxd4 28. Qg1 Rd2+ 29. Kh3 Qxg1 30. Rxg1 Rxb2 31. Bxe4 g6 32. h5 Re8 33. Bc2 Re2 34. Rc1 Kg7 35. Kg4 Rf2 36. hxg6 hxg6 37. a4 Kh6 38. a5 f5+ 39. Kh3 Kg5 40. a6 bxa6 41. g4 Rf3+ 42. Kh2 Kxg4 43. Rg1+ Kh5 44. Rg2 Rf1 45. Bd1+ Rxd1 46. Rxb2 Rd6 47. Kg3 Kg5 48. Kf3 Rd3+ 49. Ke2 Rh3 50. Rb1 Kf4 51. Rb4+ Kg5 52. Ra4 Rb3 53. Rxc6 Rb2+ 54. Kd3 Rb3+ 55. Kc2 Rb6 56. Rxa6 Rxa6 57. Rxa6 f4 58. Kd2 Kf5 59. Ke2 g5 60. Ra5+ Kg4 61. Kf2 a6 62. Rxa6 Kf5 63. Ra5+ Kg4 64. Rb5 1-0

[Event "Pardubice Telecom op"]
[Site "Pardubice"]
[Date "2002.??.??"]
[Round "3.2"]
[White "Bykhovsky, Anatoly A"]
[Black "Dribinsky, Boris"]
[Result "1-0"]
[WhiteElo "2378"]
[BlackElo "2137"]
[PlyCount "81"]
[EventDate "2002.07.??"]
[EventType "swiss"]
[EventRounds "9"]
[EventCountry "CZE"]
[SourceTitle "EXT 2003"]
[Source "ChessBase"]
[SourceDate "2002.11.25"]
[SourceVersion "1"]
[SourceVersionDate "2002.11.25"]
[SourceQuality "1"]

1. e4 e5 2. Nf3 Nc6 3. Bb5 a6 4. Ba4 Nf6 5. 0-0 Nxe4 6. d4 b5 7. Bb3 d5 8. dxe5 Be6 9. c3 Be7 10. Nbd2 0-0 11. Bc2 Nc5 12. Nb3 Nxb3 13. axb3 Qd7 14. Qd3 g6 15. Rd1 f6 16. exf6 Bxf6 17. Bh6 Rfe8 18. Qd2 Ne5 19. Qf4 Nxf3+ 20. Qxf3 Qf7 21. b4 d4 22. Be4 Rad8 23. Bc6 Re7 24. Be3 Bb3 25. Rd2 Qe6 26. Rxa6 Rf8 27. cxd4 Bxd4 28. Rxd4 Rxf3 29. gxf3 Qe5 30. Ra8+ Kf7 31. Rf4+ Qxf4 32. Bxf4 Re1+ 33. Kg2 Bc4 34. Bxc7 Bf1+ 35. Kg3 g5 36. f4 g4 37. f5 h5 38. Kf4 Bd3 39. Kg5 Rc1 40. Bd5+ Ke7 41. Be5 1-0

[Event "Chigorin Memorial 09th"]
[Site "St Petersburg"]
[Date "2001.10.31"]
[Round "6"]
[White "Reutsky, Sergei"]
[Black "Dribinsky, Boris"]
[Result "0-1"]
[WhiteElo "2239"]
[BlackElo "2097"]
[PlyCount "72"]
[EventDate "2001.10.26"]
[EventType "swiss"]
[EventRounds "9"]
[EventCountry "RUS"]
[SourceTitle "EXT 2002"]
[Source "ChessBase"]
[SourceDate "2001.11.25"]
[SourceVersion "1"]
[SourceVersionDate "2001.11.25"]
[SourceQuality "1"]

1. e4 e5 2. Bc4 Nf6 3. d3 Bc5 4. Nf3 Qe7 5. 0-0 d6 6. c3 0-0 7. Nbd2 h6 8. Bb3 a5 9. Nc4 b5 10. Ne3 a4 11. Bc2 c6 12. d4 Bb6 13. Nh4 g6 14. dxe5 dxe5 15. Nf3 Na6 16. c4 Nb4 17. Bb1 Bb7 18. a3 Na6 19. Qe2 Nc5 20. Bc2 Ne6 21. cxb5 Nf4 22. Qe1 cxb5 23. Nd5 N4xd5 24. exd5 Ng4 25. h3 Nxf2 26. Be3 Nxh3+ 27. gxh3 Ba5 28. Qf2 Bxd5 29. Bxh6 Rfe8 30. Rad1 Bc4 31. Bd3 Bxd3 32. Rxd3 e4 33. Qd4 Bb6 34. Qxb6 exd3 35. Qd4 Qa7 36. Be3 Rxe3 0-1

[Event "Chigorin Memorial 09th"]
[Site "St Petersburg"]
[Date "2001.10.27"]
[Round "2"]
[White "Kochyev, Alexander"]
[Black "Dribinsky, Boris"]
[Result "1-0"]
[WhiteElo "2412"]
[BlackElo "2097"]
[PlyCount "53"]
[EventDate "2001.10.26"]
[EventType "swiss"]
[EventRounds "9"]
[EventCountry "RUS"]
[SourceTitle "EXT 2002"]
[Source "ChessBase"]
[SourceDate "2001.11.25"]
[SourceVersion "1"]
[SourceVersionDate "2001.11.25"]
[SourceQuality "1"]

1. Nf3 Nf6 2. d4 d5 3. c4 e6 4. g3 c6 5. Qc2 Bd6 6. Nbd2 Nbd7 7. Bg2 0-0 8. 0-0 h6 9. b3 e5 10. cxd5 Nxd5 11. Nc4 Qe7 12. dxe5 Nxe5 13. Nfxe5 Bxe5 14. Ba3 c5 15. Bxd5 Bxa1 16. Rxa1 Rb8 17. e4 Bd7 18. Bb2 Kh8 19. Qc3 f6 20. e5 b5 21. Nd6 fxe5 22. Qxe5 Qxe5 23. Bxe5 Rb6 24. Rc1 Ra6 25. Rxc5 Rxa2 26. Rc7 Re2 27. Rxd7 1-0

[Event "Chigorin Memorial 09th"]
[Site "St Petersburg"]
[Date "2001.10.26"]
[Round "1"]
[White "Dribinsky, Boris"]
[Black "Vitiugov, Nikita"]
[Result "1/2-1/2"]
[WhiteElo "2097"]
[BlackElo "2382"]
[PlyCount "128"]
[EventDate "2001.10.26"]
[EventType "swiss"]
[EventRounds "9"]
[EventCountry "RUS"]
[SourceTitle "EXT 2002"]
[Source "ChessBase"]
[SourceDate "2001.11.25"]
[SourceVersion "1"]
[SourceVersionDate "2001.11.25"]
[SourceQuality "1"]

1. d4 d5 2. c4 e6 3. Nf3 Nf6 4. Bg5 h6 5. Bh4 Bb4+ 6. Nc3 dxc4 7. e3 b5 8. Be2 Bb7 9. 0-0 a6 10. Ne5 Be7 11. a4 b4 12. Nb1 Nbd7 13. Nxc4 c5 14. Nbd2 cxd4 15. exd4 0-0 16. Bg3 Nb6 17. a5 Nbd5 18. Bf3 Bc6 19. Re1 Bb5 20. Nb6 Ra7 21. Ndc4 Re8 22. Qb3 Nxb6 23. Nxb6 Bd6 24. Be5 Rc7 25. Rac1 Qe7 26. h3 Rd8 27. Bxd6 Qxd6 28. Rxc7 Qxc7 29. Qxb4 Qf4 30. Qc3 Rxd4 31. Be2 Bxe2 32. Rxe2 Rd1+ 33. Re1 Rd2 34. Qc8+ Kh7 35. Rf1 Rxb2 36. Qxa6 Ne4 37. Qd3 f5 38. g3 Nxf2 39. gxf4 Nxd3 40. Ra1 Nb4 41. a6 Nc6 42. Nc8 Rb8 43. a7 Rxc8 44. a8Q Rxa8 45. Rxa8 Ne7 46. Kf2 Kg6 47. Rf8 Nd5 48. Kf3 Nf6 49. Ke3 Ne4 50. Kf3 Nd6 51. h4 Ne4 52. Re8 Kf7 53. Ra8 g5 54. Rh8 Kg7 55. Re8 Kf7 56. Rh8 g4+ 57. Ke2 Nc3+ 58. Kf2 Nd5 59. Kg3 Nf6 60. Kf2 Kg6 61. Ra8 Ne4+ 62. Kg2 Nc5 63. Rc8 Ne4 64. Rc6 Kf7 1/2-1/2

[Event "IECG C3.2001.0.00175"]
[Site "IECG email"]
[Date "2001.02.04"]
[Round "?"]
[White "Dribinsky, Boris"]
[Black "Montenegro Chamorro, Jose Antonio"]
[Result "0-1"]
[WhiteElo "1000"]
[BlackElo "1000"]
[PlyCount "64"]
[EventDate "2001.02.04"]
[EventType "tourn (corr)"]
[EventRounds "6"]
[SourceTitle "Corr 2008"]
[Source "ChessBase"]
[SourceDate "2008.06.24"]
[SourceVersion "1"]
[SourceVersionDate "2008.06.24"]
[SourceQuality "1"]

1. Nf3 d5 2. d4 Nf6 3. c4 e6 4. Bg5 Be7 5. Nc3 0-0 6. e3 Nbd7 7. Bd3 dxc4 8. Bxc4 c5 9. 0-0 a6 10. a4 Nb6 11. Be2 cxd4 12. Nxd4 Bd7 13. Qb3 e5 14. Nf3 Be6 15. Qc2 Qc7 16. Rac1 Rac8 17. Qb1 Qb8 18. Bxf6 Bxf6 19. Ne4 Nxa4 20. Nfg5 Bxg5 21. Nxg5 g6 22. Nxe6 fxe6 23. Bc4 Rc6 24. Qa2 Qc8 25. Bxe6+ Qxe6 26. Qxa4 b5 27. Qe4 Rxc1 28. Rxc1 Rc8 29. Rxc8+ Qxc8 30. Qd5+ Kf8 31. Qd6+ Kf7 32. Qd5+ Kf6 0-1

[Event "IECG C3.2001.0.00175"]
[Site "IECG email"]
[Date "2001.02.04"]
[Round "?"]
[White "Martin, William T"]
[Black "Dribinsky, Boris"]
[Result "1-0"]
[WhiteElo "1100"]
[BlackElo "1000"]
[PlyCount "35"]
[EventDate "2001.02.04"]
[EventType "tourn (corr)"]
[EventRounds "6"]
[SourceTitle "Corr 2008"]
[Source "ChessBase"]
[SourceDate "2008.06.24"]
[SourceVersion "1"]
[SourceVersionDate "2008.06.24"]
[SourceQuality "1"]

1. e4 e5 2. Nf3 Nf6 3. Nxe5 d6 4. Nf3 Nxe4 5. d4 d5 6. Bd3 Bd6 7. 0-0 0-0 8. c4 c6 9. Nc3 Re8 10. Qc2 Bf5 11. cxd5 cxd5 12. Qb3 Nxc3 13. Bxf5 Ne2+ 14. Kh1 Nd7 15. Qxb7 Nb6 16. Bg5 Be7 17. Be3 Nc4 18. Bd7 1-0

[Event "IECG C3.2001.0.00175"]
[Site "IECG email"]
[Date "2001.02.04"]
[Round "?"]
[White "Pathmeswaran, Arunasalam"]
[Black "Dribinsky, Boris"]
[Result "0-1"]
[WhiteElo "1000"]
[BlackElo "1000"]
[PlyCount "43"]
[EventDate "2001.02.04"]
[EventType "tourn (corr)"]
[EventRounds "6"]
[SourceTitle "Corr 2008"]
[Source "ChessBase"]
[SourceDate "2008.06.24"]
[SourceVersion "1"]
[SourceVersionDate "2008.06.24"]
[SourceQuality "1"]

1. e4 e5 2. Nf3 Nf6 3. Nc3 Nc6 4. Be2 Be7 5. 0-0 0-0 6. d3 d5 7. h3 h6 8. exd5 Nxd5 9. Ne4 Be6 10. a3 f5 11. Ng3 a5 12. d4 f4 13. Ne4 exd4 14. Nxd4 Nxd4 15. Qxd4 c5 16. Nxc5 Bxc5 17. Qxc5 Qe8 18. Bc4 Qf7 19. b3 Rad8 20. Qxa5 f3 21. Bb2 fxg2 22. Rfd1 0-1